| 000 | 00920nam a2200265Ia 4500 | ||
|---|---|---|---|
| 003 | OSt | ||
| 005 | 20220925223758.0 | ||
| 006 | a|||||r|||| 00| 0 | ||
| 007 | ta | ||
| 008 | 220923b |||||||| |||| 00| 0 eng d | ||
| 020 |
_a9780415618748 _c5871.7600000000002 |
||
| 037 |
_bG-4666/11-12, 27/03/2012, Manohar Publishers & Distributors _cGeneral Book |
||
| 040 |
_aRTL _cRTL _beng |
||
| 041 |
_2eng _aeng |
||
| 082 | _aY9(Q7).4445, Q1 | ||
| 100 |
_aSijapati Megan Adamson _9290312 |
||
| 245 | 0 |
_aIslamic revival in Nepal _b Religion and a new nation |
|
| 260 |
_aLondon _bRoutledge _c2011 |
||
| 300 |
_axii, 188p. _ccm. |
||
| 490 | _aRoutledge Contemporary South Asia | ||
| 500 | _aBibliography: P167-81 | ||
| 650 | _aSociology | ||
| 942 |
_hY9(Q7).4445, Q1 _cGB _2CC |
||
| 999 |
_c580354 _d580354 |
||